| 000 | 00955nam a22002297a 4500 | ||
|---|---|---|---|
| 003 | OSt | ||
| 005 | 20250911173535.0 | ||
| 008 | 240206b ||||| |||| 00| 0 eng d | ||
| 040 | _c0 | ||
| 082 | _aDPer 621.381 In821 April 2022 v. 37 n. 4 | ||
| 100 |
_aHuang, Wentao. _eauthor. _951527 |
||
| 245 |
_aA hybrid model-based diagnosis approach for open-switch faults in PMSM drives / _cWentao Huang, Jiachen Du, Wei Hua, Kaitao Bi, and Qigao Fan. |
||
| 260 |
_aNew York ; _bThe Institute of Electrical and Electronics Engineers, Inc. , _c April 2022. |
||
| 300 |
_aVolume 37, pages 3728-3732 : _billustration ; _c28 cm. |
||
| 500 | _aIEEE Transactions on Power Electronics, vol. 37, no. 4, pages 3728-3732, April 2022. | ||
| 700 |
_aHuang, Wentao. _eauthor. _951527 |
||
| 700 |
_aDu, Jiachen. _eauthor. _951528 |
||
| 700 |
_aHua, Wei. _eauthor. _951529 |
||
| 700 |
_aBi, Kaitao. _eauthor. _951530 |
||
| 700 |
_aFan, Qigao. _eauthor. _951531 |
||
| 942 |
_2ddc _cPER |
||
| 999 |
_c18938 _d18938 |
||